Southville International School and Colleges
Your cart is empty.
  • Cart
  • Lists
    Public lists Eva Luna New books Lux_list list_1
    Your lists Log in to create your own lists
  • Log in to your account
  • Your cookies
  • Search history
Southville International School and Colleges
  • Advanced search
  • Recent comments
  • Most popular
  • Libraries

Log in to your account

Log in with GOOGLE


If you do not have an external account, but do have a local account, you can still log in:

  1. Home
  2. MARC view: A First look at Philippine butterflies /
Normal view MARC view ISBD view

A First look at Philippine butterflies / (Record no. 368832)

[ view plain ]
MARC details
000 -LEADER
fixed length control field 00567nam a22001817a 4500
003 - CONTROL NUMBER IDENTIFIER
control field 0
005 - DATE AND TIME OF LATEST TRANSACTION
control field 20260205161925.0
008 - FIXED-LENGTH DATA ELEMENTS--GENERAL INFORMATION
fixed length control field 260205b xxu||||| |||| 00| 0 eng d
020 ## - INTERNATIONAL STANDARD BOOK NUMBER
International Standard Book Number 971-630-072-7
050 ## - LIBRARY OF CONGRESS CALL NUMBER
Classification number M 556
Item number Pa295 1999
082 ## - DEWEY DECIMAL CLASSIFICATION NUMBER
Classification number M 556
Item number Pa295 1999
100 ## - MAIN ENTRY--PERSONAL NAME
Personal name Paterno, Maria Elena
245 ## - TITLE STATEMENT
Title A First look at Philippine butterflies /
Statement of responsibility, etc by Maria Elena Paterno.
260 ## - PUBLICATION, DISTRIBUTION, ETC. (IMPRINT)
Place of publication, distribution, etc Makati City :
Name of publisher, distributor, etc Tahanan Books for Young Readers,
Date of publication, distribution, etc 1999.
300 ## - PHYSICAL DESCRIPTION
Extent 24 pages :
Other physical details colored illustrations ;
Dimensions 21 cm.
650 ## - SUBJECT ADDED ENTRY--TOPICAL TERM
Topical term or geographic name as entry element Butterflies
Geographic subdivision Philippines.
942 ## - ADDED ENTRY ELEMENTS (KOHA)
Source of classification or shelving scheme Dewey Decimal Classification
Koha item type Books
Holdings
Withdrawn status Lost status Source of classification or shelving scheme Damaged status Home library Current library Shelving location Date acquired Source of acquisition Sub Shelving location Total Checkouts Full call number Barcode Date last seen Price effective from Koha item type
    Dewey Decimal Classification   Munich Library Munich Library Main Section 02/05/2026 Library Fund     M 556 Pa295 1999 M8353 02/05/2026 02/05/2026 Books

A First look at Philippine butterflies /

APA

Paterno M. E., . (1999). A First look at Philippine butterflies. Makati City: Tahanan Books for Young Readers.

Chicago

Paterno Maria Elena, . 1999. A First look at Philippine butterflies. Makati City: Tahanan Books for Young Readers.

Harvard

Paterno M. E., . (1999). A First look at Philippine butterflies. Makati City: Tahanan Books for Young Readers.

MLA

Paterno Maria Elena, . A First look at Philippine butterflies. Makati City: Tahanan Books for Young Readers. 1999.

  • Place hold
  • Print
  • Cite
  • Add to your cart (remove)
  • Save record
    BIBTEX Dublin Core MARCXML MARC (non-Unicode/MARC-8) MARC (Unicode/UTF-8) MARC (Unicode/UTF-8, Standard) MODS (XML) RIS
  • More searches
    Search for this title in:
    Other Libraries (WorldCat) Other Databases (Google Scholar) Online Stores (Bookfinder.com) Open Library (openlibrary.org)

Exporting to Dublin Core...

SOUTHVILLE LIBRARY

Southville International School and Colleges Library

1281 Tropical Ave. Cor. Luxembourg St., BF Homes International, Las Pinas City

Tel. No. 8256374 / 252358 Loc. 117/146

Powered by Koha